000 00897nam a22002897a 4500
003 CHAP
005 20220329133934.0
008 971013s1955 r 00010 d
010 _a12965
011 _a13937
035 _a18010
040 _cCHAP
082 _a575.1
_bG65t
100 0 0 _aGoldschmidt, Richard Benedict.
_948567
245 _aTheoretical genetics
260 _aBarkey :
_bUniversity of California,
_c1955
300 _a563 p.
_b: ilus.
590 _aBATCH-UPD
_b10
_c20130110
_lUCH01
_h1816
590 _aBATCH-UPD
_b10
_c20130410
_lUCH01
_h1150
590 _aBATCH-UPD
_b10
_c20130914
_lUCH01
_h1534
590 _aCONVERSION
_b10
_c20130109
_lUCH01
_h1308
650 1 4 _aGenética.
_947469
901 _aBK
942 _cLIBRO
949 _a575.1 G65t
_bBC
_cLIBRO
_d33724000475695
_eLIBRO
_fc.2
_h8475
_i18010
_si
949 _a575.1 G65t
_bBC
_cLIBRO
_d33724000475703
_eLIBRO
_h8474
_i18010
_si
999 _c12965
_d12965